00193nam a2200085Ia 4500008004100000100001600041245001900057260002200076260000900098170620s9999 xx 000 0 und d aM.LAXMIKANT 0aLOK PRASHASHAN bTata Mc Graw Hill c2013